000
00298nam a22001097a 4500
008
140515t xxu||||| |||| 00| 0 eng d
020
_a
978-93-80235-53-0
100
_a
Asoke Kumar Sannigrahi
_9
859
245
_a
Agriculture and Waste Management for Sustainable Future
300
_a
236
942
_2
ddc
_c
BK
999
_c
17103
_d
17103